banner koha

Panorama aquaviário (Registro n. 9271)

MARC details
000 -LÍDER
Campo de controle fixo 00788nam a22003017a 4500
001 - NÚMERO DE CONTROLE
Número de controle BR2023000661
003 - CÓDIGO MARC DA AGÊNCIA CATALOGADORA
Campo de controle BR-BrBNA
005 - DATA E HORA DA ÚLTIMA ATUALIZAÇÃO
Campo de controle 20230628113907.0
008 - CAMPO DE TAMANHO FIXO
Campo fixo de controle 230531b bl.||||| |||| 00| 0 por d
040 ## - FONTE DA CATALOGAÇÃO
Agência catalogadora BR-BrBNA
Idioma da catalogação por
041 ## - CÓDIGO DO IDIOMA
Código do Idioma por
072 ## - CATEGORIA AGRIS
Código da categoria de assunto J14 ; M11
090 ## - NÚMERO DE CHAMADA
Número de Chamada J14 BR2023000661
100 ## - ENTRADA PRINCIPAL - NOME PESSOAL
Nome pessoal Batista, Eurico
110 ## - ENTRADA PRINCIPAL - ENTIDADE
Nome da entidade ou lugar Agência Nacional de Transportes Aquaviários, Brasília, DF (Brazil)
245 ## - TÍTULO PRINCIPAL
Título principal Panorama aquaviário
260 ## - IMPRENTA (PUBLICAÇÃO, DISTRIBUIÇÃO, ETC.)
Lugar de publicação, distribuição, etc. Brasília, DF (Brazil)
Data de publicação, distribuição, etc 2008
300 ## - DESCRIÇÃO FÍSICA
Extensão 88 p.
500 ## - NOTA GERAL
Notas gerais 17 illus.; 80 tables; 66 graphs
650 ## - ASSUNTO - THESAGRO
Cabeçalho tópico ou nome geográfico TRANSPORTE MARÍTIMO
650 ## - ASSUNTO - THESAGRO
Cabeçalho tópico ou nome geográfico TRANSPORTE FLUVIAL
650 ## - ASSUNTO - THESAGRO
Cabeçalho tópico ou nome geográfico NAVEGAÇÃO
650 ## - ASSUNTO - THESAGRO
Cabeçalho tópico ou nome geográfico HIDROVIA
650 ## - ASSUNTO - THESAGRO
Cabeçalho tópico ou nome geográfico PORTO
650 ## - ASSUNTO - THESAGRO
Cabeçalho tópico ou nome geográfico MEIO AMBENTE
909 ## - IDENTIFICAÇÃO DO CATALOGADOR
Ano e mês da catalogação (aaaamm) 202305
Identificação do catalogador Fernando
942 ## - TIPO ESPECÍFICO
Tipo de material Livros
952 ## - LOCATION AND ITEM INFORMATION (KOHA)
-- 2023-05-31
Exemplares
Status de empréstimo Fonte de classificação Status de danificação Não pode ser emprestado Código da coleção Localização permanente Localização atual Localização na estante Total Checkouts Número de chamada Código de barras Tipo de material
  Classificação AGRIS     Agrobase Biblioteca Nacional de Agricultura - Binagri Biblioteca Nacional de Agricultura - Binagri Agrobase - Acervo Geral   J14 BR2023000661 2023-435691 Livros

BINAGRI

Telefone: (61)3218-2567/2388/3357/2097 - binagri@agro.gov.br

Ministério da Agricultura e Pecuária , Esplanada dos Ministérios, Bloco D, Anexo B, Brasília/DF, CEP: 70.043-900